000 00376nam a2200157 a 4500
005 20140310183235.0
008 040709s19uu xx 00 eng d
050 _aRB 145
_b.N277 2002
100 _aNTTC
245 _aTissues and membrane :
_bAP4 /
_cNTTC.
260 _c2002.
300 _a44 p. :
_c22 cm.
942 _cBK
_2lcc
_kLOC
999 _c20540
_d20540